| 000 | 00751nam a2200253Ia 4500 | ||
|---|---|---|---|
| 003 | OSt | ||
| 005 | 20220925204935.0 | ||
| 006 | a|||||r|||| 00| 0 | ||
| 007 | ta | ||
| 008 | 220923b |||||||| |||| 00| 0 eng d | ||
| 037 | _cGeneral Book | ||
| 040 |
_aRTL _cRTL _beng |
||
| 041 |
_2eng _aeng |
||
| 082 | _aY73(Q5).7311.N7, L8 | ||
| 100 |
_aMitchell William E _9269296 |
||
| 245 | 0 |
_aMishpokha _b Astudy of New York city Jewish family c |
|
| 260 |
_aHague _bMouton _c1978 |
||
| 300 |
_a262p _ccm. |
||
| 490 | _aNew Babylon Studies in the Social Sciences. 30 | ||
| 500 | _aBibliography: P 243-55 | ||
| 650 | _aHindus | ||
| 942 |
_hY73(Q5).7311.N7, L8 _cGB _2CC |
||
| 999 |
_c550819 _d550819 |
||